Countries Led Zeppelin has visited - Statistics

General Stats
  • This quiz has been taken 99 times
  • The average score is 16 of 20
Answer Stats
Continent Country % Correct
North America United States of America
100%
Europe France
99%
Oceania Australia
95%
North America Canada
95%
Europe Germany
92%
Asia Japan
90%
Europe United Kingdom
88%
Europe Italy
86%
Europe Belgium
82%
Europe Sweden
82%
Oceania New Zealand
80%
Europe Norway
80%
Europe Austria
76%
Europe Finland
76%
Europe Denmark
75%
Europe Ireland
72%
Europe Switzerland
72%
Europe the Netherlands
67%
Europe Iceland
48%
Asia Singapore
33%
No matching quizzes found
Score Distribution
Percent of People with Each Score
Percentile by Number Answered
Your Score History
You have not taken this quiz